000 00400cam a22001217a 4500
008 180718b1960 xxu||||| |||| 00| 0 eng d
082 _aB1241x68 Sp69
100 _aSpottiswoode, Hildegarde
245 _aSouth Africa the road ahead
_cby Hildegarde Spottiswoode
260 _aLondon
_bBailey Bros.
_c1960
300 _a248p
650 _aSouth Africa -Race relations.South Africa -Politics and government.
999 _c417735
_d417735